<?xml version="1.0" encoding="UTF-8"?>
<collection xmlns="http://www.loc.gov/MARC21/slim">
 <record>
  <leader>00979nam a22002537a 4500</leader>
  <controlfield tag="001">42530</controlfield>
  <controlfield tag="003">BD-DhAAL</controlfield>
  <controlfield tag="008">240509t1997    enka|||| |||| 00| 0 eng d</controlfield>
  <datafield tag="040" ind1=" " ind2=" ">
   <subfield code="a">BD-DhAAL</subfield>
   <subfield code="c">BD-DhAAL</subfield>
  </datafield>
  <datafield tag="082" ind1=" " ind2=" ">
   <subfield code="a">610.941</subfield>
   <subfield code="2">23</subfield>
  </datafield>
  <datafield tag="245" ind1=" " ind2=" ">
   <subfield code="a">The lancet,</subfield>
   <subfield code="n">Jul-Sep 1997.</subfield>
  </datafield>
  <datafield tag="264" ind1=" " ind2=" ">
   <subfield code="a">London :</subfield>
   <subfield code="b">Elsevier,</subfield>
   <subfield code="c">1997.</subfield>
  </datafield>
  <datafield tag="300" ind1=" " ind2=" ">
   <subfield code="a">v. :</subfield>
   <subfield code="b">color illustrations ;</subfield>
   <subfield code="c">27 cm.</subfield>
  </datafield>
  <datafield tag="362" ind1=" " ind2=" ">
   <subfield code="a">Vol. 350, no. 9070-9079</subfield>
  </datafield>
  <datafield tag="362" ind1=" " ind2=" ">
   <subfield code="a">Vol. 350, no. 9081-9082</subfield>
  </datafield>
  <datafield tag="500" ind1=" " ind2=" ">
   <subfield code="a">This book contains volume 350, no. 9070-9082 (except no. 9080).</subfield>
  </datafield>
  <datafield tag="504" ind1=" " ind2=" ">
   <subfield code="a">Includes bibliographical references.</subfield>
  </datafield>
  <datafield tag="541" ind1=" " ind2=" ">
   <subfield code="a">World News Agency</subfield>
   <subfield code="e">42530</subfield>
  </datafield>
  <datafield tag="630" ind1=" " ind2=" ">
   <subfield code="a">Lancet (London, England)</subfield>
   <subfield code="9">13571</subfield>
  </datafield>
  <datafield tag="650" ind1=" " ind2=" ">
   <subfield code="a">Medicine</subfield>
   <subfield code="z">Great Britain</subfield>
   <subfield code="x">History.</subfield>
   <subfield code="9">3621</subfield>
  </datafield>
  <datafield tag="852" ind1=" " ind2=" ">
   <subfield code="a">Ayesha Abed Library</subfield>
   <subfield code="c">Reference Section</subfield>
  </datafield>
  <datafield tag="942" ind1=" " ind2=" ">
   <subfield code="2">ddc</subfield>
   <subfield code="c">BK</subfield>
  </datafield>
  <datafield tag="999" ind1=" " ind2=" ">
   <subfield code="c">46607</subfield>
   <subfield code="d">46607</subfield>
  </datafield>
  <datafield tag="952" ind1=" " ind2=" ">
   <subfield code="0">0</subfield>
   <subfield code="1">0</subfield>
   <subfield code="2">ddc</subfield>
   <subfield code="4">0</subfield>
   <subfield code="6">610_941000000000000_LAN</subfield>
   <subfield code="7">1</subfield>
   <subfield code="9">75430</subfield>
   <subfield code="a">BRACUL</subfield>
   <subfield code="b">BRACUL</subfield>
   <subfield code="c">REF</subfield>
   <subfield code="d">2024-05-09</subfield>
   <subfield code="e">World News Agency</subfield>
   <subfield code="l">0</subfield>
   <subfield code="o">610.941 LAN</subfield>
   <subfield code="p">3010042530</subfield>
   <subfield code="r">2024-05-09</subfield>
   <subfield code="t">1</subfield>
   <subfield code="w">2024-05-09</subfield>
   <subfield code="y">BK</subfield>
   <subfield code="x">World News Agency</subfield>
  </datafield>
 </record>
</collection>
